| 000 | 00000nam 2200000zi 4500 |
| 001 | 9.901789 |
| 003 | CaOODSP |
| 005 | 20230501141951 |
| 006 | m o d f |
| 007 | cr cn||||||||| |
| 008 | 210719t20212021qucab ob f000 0 eng d |
| 020 | |a9780660396989 |
| 040 | |aCaOODSP|beng|erda|cCaOODSP |
| 041 | 0 |aeng|beng|bfre |
| 043 | |an-cn-qu |
| 086 | 1 |aFs97-4/3220E-PDF |
| 100 | 1 |aLacasse, Olivia, |eauthor. |
| 245 | 10|aVideo footage captured by fishing gear during scientific missions to characterize biodiversity and benthic habitats in coastal environments / |cby Olivia Lacasse and Virginie Roy. |
| 264 | 1|aMont-Joli, QC : |bFisheries and Oceans Canada, Maurice Lamontagne Institute, |c2021. |
| 264 | 4|c©2021 |
| 300 | |a1 online resource (v, 40 pages) : |bcolour illustrations, colour maps. |
| 336 | |atext|btxt|2rdacontent |
| 337 | |acomputer|bc|2rdamedia |
| 338 | |aonline resource|bcr|2rdacarrier |
| 490 | 1 |aCanadian manuscript report of fisheries and aquatic sciences, |x1488-5387 ; |v3220 |
| 500 | |aIssued also in French under title: Prise d'images vidéo sur engins de pêche lors de missions scientifiques pour caractériser la biodiversité et l'habitat benthique en milieu côtier. |
| 504 | |aIncludes bibliographical references (pages 29-30). |
| 546 | |aIncludes abstracts in English and French. |
| 650 | 0|aEcological surveys|zQuébec (Province)|zSaint Lawrence River Estuary|xEquipment and supplies. |
| 650 | 0|aBenthic animals|zQuébec (Province)|zSaint Lawrence River Estuary. |
| 710 | 1 |aCanada. |bDepartment of Fisheries and Oceans, |eissuing body. |
| 710 | 2 |aMaurice Lamontagne Institute, |eissuing body. |
| 775 | 08|tPrise d'images vidéo sur engins de pêche lors de missions scientifiques pour caractériser la biodiversité et l'habitat benthique en milieu côtier / |w(CaOODSP)9.901790 |
| 830 | #0|aCanadian manuscript report of fisheries and aquatic sciences ;|v3220.|w(CaOODSP)9.505211 |
| 856 | 40|qPDF|s2.55 MB|uhttps://publications.gc.ca/collections/collection_2021/mpo-dfo/Fs97-4-3220-eng.pdf |